| 000 | 00729nam a22002292i 4500 | ||
|---|---|---|---|
| 001 | 18594 | ||
| 003 | BD-RjUL | ||
| 005 | 20240211115320.0 | ||
| 008 | 140220s1962 nyu 000 0 eng d | ||
| 035 | _a(BD-RjUL)18594 | ||
| 040 |
_aIRU _cIRU _dOCL _dEQO _dBD-RjUL _beng |
||
| 041 | _aeng | ||
| 082 |
_a823.9 _bADS 1962 |
||
| 100 | 1 |
_aAdams, Robert Martin, _d1915- _955735 |
|
| 245 | 1 | 0 |
_aSurface and symbol : _bthe consistency of James Joyce's Ulysses / _cRobert Martin Adams |
| 260 |
_aNew York : _bOxford University Press, _cc1962. |
||
| 300 |
_axix, 290 p. ; _c20 cm |
||
| 504 | _aIncludes bibliographical references and index | ||
| 600 | 1 | 0 |
_aJoyce, James, _d1882-1941. _911614 |
| 830 | 0 |
_aGalaxy book _911615 |
|
| 942 |
_2ddc _cBK |
||
| 999 |
_c18594 _d18594 |
||